Lanean...

Linear lie groups /

Xehetasun bibliografikoak
Egile nagusia: Freudenthal, Hans
Beste egile batzuk: De Vries, H.
Hizkuntza:Undetermined
Argitaratua: 1969.
Saila:Pure and applied mathematics,A series of monographs and textbooks
Gaiak:
LEADER 00543nam a2200169Ia 4500
001 13454
008 170722s9999 xx 000 0 und d
100 |a Freudenthal, Hans 
245 |a Linear lie groups / 
260 |c 1969. 
490 |a Pure and applied mathematics,A series of monographs and textbooks 
653 |a Group Theory 
653 |a Mathematics 
700 |a De Vries, H. 
942 |c GEN 
999 |c 76221  |d 76221 
952 |0 0  |1 0  |4 0  |6 B_27_000000000000000_K95_CR  |7 0  |9 107815  |a LIB  |b LIB  |d 2013-03-25  |o B27 K95 (CR)  |p 129569  |r 2017-08-12  |w 2017-08-12  |y GEN